000 01255nab a2200181 a 4500
005 20241218093608.0
007 ta
008 241018e2022 dr |||||r||||||0| 0 spa d
040 _aDO-SdBNP
_cBNPHU
_espa
041 _hspa
100 1 _aTejeda Ortíz, Dagoberto,
_d1940-
_91575
245 _aTatica, la de Higüey :
_b"a tus plantas desde siglos y que nunca te abandona a ti Morena Madre nuestra que deslumbras de misericordia llena" ( Salve de Andújar) /
_cDagoberto Tejeda Ortiz.
260 _aSanto Domingo, República Dominicana :
_bCentro Cultural BanReservas,
_c2022.
300 _apágina 38.
521 _aL a Virgen de la Altagracia es una advocación de la Virgen María, integrante oficial del santoral de la iglesia Católica, presente en la isla de Santo Domingo desde el periodo colonial, considerada hoy la Madre Espiritual del pueblo dominicano, localizada en Higüey, la cual es una de las primeras devociones de América, cuya identidad está envuelta en mitos, leyendas, historias y tradiciones.
773 0 _dSanto Domingo, República Dominicana : Centro Cultural BanReservas, 2022.
_tTatica, la de Higüey :
_aTejeda Ortiz, Dagoberto.
942 _2ddc
_cISSUE
_hEdición 3. Diciembre 2022
999 _c57913
_d57913